000 00603nam a2200229Ia 4500
003 OSt
005 20220924152307.0
006 a|||||r|||| 00| 0
007 ta
008 220923b |||||||| |||| 00| 0 mar d
024 _a341832
037 _cTextual
040 _aARTS
_cARTS
_bmar
041 _2mar
_amar
082 _aO155,3(Y:351)x, N2
100 _aWakode Madhukar Ed.
_9226332
245 0 _aMarathi lok katha
260 _c1992
650 _aMARATHI LITERATURE
_938000
942 _hO155,3(Y:351)x, N2
_cTEXL
_2CC
999 _c469373
_d469373